000 00680nam a22001577a 4500
003 OSt
005 20150928180651.0
008 150928b xxu||||| |||| 00| 0 eng d
040 _cRUA
082 _aATM.Sp PAN 2003 B059 Or.1
100 _91523
_aPANG, THYRITH.
245 _aTomato breeder seed peoduction methodology-TM,K1 variety at kbal koh vegetable research station, វិធីសាស្រ្ដផលិតពូជជំរើសវិទូនៃប៉េងប៉ោះTM,K1 នៅស្ថានីយ៍ពិសោធន៍ពូជបន្លែក្បាលកោះ
260 _aPhnom Penh
_bRUA
_c2003
300 _a65p.
_bill.
_c29cm.
942 _2ddc
_cATMSP
999 _c1433
_d1433